Statistics for Star Wars Crawl - The Empire Strikes Back

Click here to take the quiz!

General Stats

  • This quiz has been taken 176 times
  • The average score is 56 of 81

Answer Stats

Answer% Correct
a
98%
a
98%
a
98%
Star
95%
The
95%
the
95%
the
95%
the
95%
the
95%
the
95%
the
95%
the
95%
Death
94%
Rebel
94%
Vader,
93%
Darth
92%
for
90%
is
90%
Hoth.
89%
Luke
88%
of
88%
of
88%
of
88%
of
88%
It
86%
Skywalker
85%
Skywalker,
85%
time
84%
base
83%
base
83%
has
83%
has
83%
dark
81%
been
80%
destroyed,
80%
ice
80%
galaxy.
78%
on
77%
have
75%
have
75%
lord
75%
evil
74%
world
73%
Rebellion.
71%
and
69%
with
69%
Imperial
64%
Imperial
64%
young
62%
forces
59%
hidden
57%
secret
57%
their
57%
Although
55%
by
55%
obsessed
54%
remote
54%
remote
54%
finding
53%
from
53%
space...
53%
new
50%
across
49%
thousands
49%
far
48%
probes
48%
led
47%
into
46%
them
46%
dispatched
44%
troops
44%
pursued
43%
reaches
42%
group
41%
fighters
39%
driven
38%
freedom
37%
established
34%
Starfleet,
26%
dreaded
25%
Evading
22%

Score Distribution

Percentile by Number Answered

Percent of People with Each Score

Your Score History

You have not taken this quiz